<?xml version="1.0" encoding="UTF-8"?>
<record
    xmlns:xsi="http://www.w3.org/2001/XMLSchema-instance"
    xsi:schemaLocation="http://www.loc.gov/MARC21/slim http://www.loc.gov/standards/marcxml/schema/MARC21slim.xsd"
    xmlns="http://www.loc.gov/MARC21/slim">

  <leader>01550nam a2200229Ia 4500</leader>
  <controlfield tag="001">b4654-30375 </controlfield>
  <controlfield tag="003">IT-MiCISF</controlfield>
  <controlfield tag="005">20230306112841.0</controlfield>
  <controlfield tag="008">161014s9999||||xx |||||||||||||| ||und||</controlfield>
  <datafield tag="040" ind1=" " ind2=" ">
    <subfield code="a">IT-MiCISF</subfield>
    <subfield code="c">IT-MiCISF</subfield>
  </datafield>
  <datafield tag="041" ind1=" " ind2=" ">
    <subfield code="a">it</subfield>
  </datafield>
  <datafield tag="100" ind1=" " ind2=" ">
    <subfield code="a">Greer Germaine</subfield>
    <subfield code="9">59573</subfield>
  </datafield>
  <datafield tag="245" ind1=" " ind2="0">
    <subfield code="a">La donna intera</subfield>
  </datafield>
  <datafield tag="260" ind1=" " ind2=" ">
    <subfield code="a"> Milano,</subfield>
    <subfield code="b">Mondadori,</subfield>
    <subfield code="c">2000 [Edizione originale: 1999]</subfield>
  </datafield>
  <datafield tag="300" ind1=" " ind2=" ">
    <subfield code="a">pp. 383</subfield>
  </datafield>
  <datafield tag="500" ind1=" " ind2=" ">
    <subfield code="a"> / donna, femminismo, corpo, disturbi-alimentazione, transessualit&#xE0;, maternit&#xE0;, procreazione-artificiale, aborto, lavoro-domestico, donna-lavoratrice, consumi, sessualit&#xE0;-femminile, matrimonio, rapporti-uomo-donna, abuso-sessuale, sessismo /</subfield>
  </datafield>
  <datafield tag="520" ind1=" " ind2=" ">
    <subfield code="a"> A trent'anni dalla pubblicazione dell'Eunuco femmina,  considerato un vero manifesto del movimento femminista, l'A. ritorna con un libro che ne &#xE8; la continuazione. A dispetto della diffusa convinzione che la questione femminile sia stata risolta,  il movimento di liberazione, nato negli anni Sessanta, deve ancora realizzare molti dei suoi obiettivi. L'apparente miglioramento della situazione femminile e la sensazione di "aver ottenuto tutto" hanno occultato la perdurante realt&#xE0; di discriminazione e sfruttamento in ogni settore: dalla salute al sesso, dal lavoro all'economia. Con stile appassionato e anche umoristico vengono trattati temi come: chirurgia plastica e anoressia, transessualit&#xE0; e mutilazione genitale, inseminazione artificiale  e shopping.</subfield>
  </datafield>
  <datafield tag="650" ind1=" " ind2=" ">
    <subfield code="a"> donna</subfield>
    <subfield code="e">003</subfield>
    <subfield code="9">56116</subfield>
  </datafield>
  <datafield tag="654" ind1=" " ind2=" ">
    <subfield code="a">saggio</subfield>
  </datafield>
  <datafield tag="942" ind1=" " ind2=" ">
    <subfield code="c">BK</subfield>
    <subfield code="2">ddc</subfield>
  </datafield>
  <datafield tag="999" ind1=" " ind2=" ">
    <subfield code="c">212582</subfield>
    <subfield code="d">212582</subfield>
  </datafield>
  <datafield tag="999" ind1=" " ind2=" ">
    <subfield code="b">si</subfield>
  </datafield>
  <datafield tag="952" ind1=" " ind2=" ">
    <subfield code="0">0</subfield>
    <subfield code="1">0</subfield>
    <subfield code="4">0</subfield>
    <subfield code="6">B_465430375</subfield>
    <subfield code="7">1</subfield>
    <subfield code="a">CISF</subfield>
    <subfield code="b">CISF</subfield>
    <subfield code="d">2016-10-14</subfield>
    <subfield code="l">0</subfield>
    <subfield code="o">b4654-30375 </subfield>
    <subfield code="r">2016-10-14 00:00:00</subfield>
    <subfield code="w">2016-10-14</subfield>
    <subfield code="y">BK</subfield>
    <subfield code="z">Data import 15.10.2016 / by Epidotti, Vaglietti</subfield>
  </datafield>
</record>
